000 00297nam a22001337a 4500
008 170316b xxu||||| |||| 00| 0 eng d
020 _a9780397512799
041 _aeng
080 _a616.8
100 _a7
101 _aSHM
245 _aNEUROSCIENCE IN MEDICINE
_cLIPPINCOTT.J.B
942 _2udc
_cBK
999 _c8025
_d8025